000
00223nam a22000857a 4500
008
160705b xxu||||| |||| 00| 0 eng d
100
_9
2098
_a
Das, S
245
_a
Pappu's Problems
260
_a
New Delhi
_b
National Book Trust
_c
1998
999
_c
1793
_d
1793